000 00250nam a2200097Ia 4500
008 230915s9999 xx 000 0 und d
050 _aS 531 .O39
100 _aOKORIE,J.U
245 0 _aAGRICULTURAL SCIENCE FOR TEACHER TRAINING COLLEGES
942 _cBK
999 _c201506
_d201506